000 00495nam a2200181Ia 4500
001 7586
005 20260306160506.0
008 260306t2019||||xx |||||||||||||| ||spa||
041 _aESP
082 _a352
_bO73
100 _aOrtegón Quiñones, Edgar
_eAUT
245 0 _aComplejidad, inteligencia artificial y evolución en la gestión pública:
_bretos y oportunidades
260 _c2019
300 _a209 páginas :
_c23 cm.
650 _aGEN
654 _aCAN
942 _cLIB
_dJUS
_fJUS
_2ddc
_n
999 _c7586
_d7586